| 000 | 00401 a2200157 4500 | ||
|---|---|---|---|
| 005 | 20250627170430.0 | ||
| 020 | _a0-07- 250330-0 | ||
| 082 | _a330 FRA. | ||
| 100 | _aFRANK, H. R. | ||
| 245 | _aPrinciples Of Economics, | ||
| 250 | _a2nd Ed. | ||
| 260 |
_aNew York, _bMc Graw Hill Irwin, _c2004. |
||
| 300 |
_axl.; 812p.; Ill.; picture, _bIndex, _c27cm. |
||
| 700 | _aBERNANKE, B. S. | ||
| 942 |
_2ddc _cBKS |
||
| 999 |
_c5772 _d5772 |
||